000 00326 a2200157 4500
001 62546
020 _a9788576755029
040 _cAnchieta - Pituba
100 _aLisboa, Julio Cezar Foschini
240 1 0 _aQuímica 1
_lpor
245 1 0 _aQuímica 1
300 _a448
362 0 _a2010
650 4 _aQuímica
942 _cBK
999 _c62546
_d62546